Very Fierst words / (Registro nro. 14916)
[ vista simple ]
| 000 -LIDER | |
|---|---|
| fixed length control field | 00780nam a2200241 4500 |
| 003 - IDENTIFICACDOR DE NÚMERO DE CONTROL | |
| control field | DO-SdBPM |
| 005 - DATE AND TIME OF LATEST TRANSACTION | |
| control field | 20250128091259.0 |
| 008 - ELEMENTOS DE LONGITUD FIJA | |
| fixed length control field | 161121b2000 ch ||| 00| 0 spa d |
| 020 ## - ISBN | |
| International Standard Book Number | 9780746038277 |
| 040 ## - FUENTE DE CATALOGACIÓN | |
| Agencia que crea de manera original el registro | DO-SdBPM |
| Idioma de catalogación | spa |
| Agencia que realiza la transcripción | BPMSU |
| 082 #4 - NÚMERO DE CLASIFICACIÓN DECIMAL DE DEWEY | |
| Classification number | 372.4 |
| Item number | V573f 2000 |
| Edition number | 22 |
| 245 00 - MENCIÓN DE TITULO | |
| Título | Very Fierst words / |
| Mención de responsabilidad | Fotografía Woward Allman |
| 260 ## - PUBLICACIÓN, DISTRIBUCIÓN, ETC. (PIE DE IMPRENTA) | |
| Lugar de publicación, distribución, etc | China : |
| Nombre del editor, distribuidor, etc. | Usborne Publishing, |
| Fecha de publicación, distribución, etc | 2000 |
| 300 ## - DESCRIPCIÓN FÍSICA | |
| Extensión | varias paginaciones : |
| Otros detalles físicos | ilustraciones : |
| Dimensiones | 22 cm |
| 590 ## - NOTA LOCAL | |
| Texto de la nota local | Inventariado, 2025/VM |
| 650 #4 - ENCABEZAMIENTO DE MATERIA--TEMÁTICO | |
| Término temático o nombre geográfico como elemento de entrada | Palabras y frases |
| Subdivisión temática general | Enseñanza preescolar |
| -- | |
| 650 #4 - ENCABEZAMIENTO DE MATERIA--TEMÁTICO | |
| Término temático o nombre geográfico como elemento de entrada | Inglés |
| Subdivisión temática general | Fonética |
| 650 #4 - ENCABEZAMIENTO DE MATERIA--TEMÁTICO | |
| Término temático o nombre geográfico como elemento de entrada | Libros ilustrados para niños |
| Fuente del encabezamiento o término | |
| 700 1# - ASIENTO SECUNDARIO -- NOMBRE PERSONAL | |
| Nombre personal | Woward Allman |
| Mención de responsabilidad | fotografía |
| 710 2# - ASIENTO SECUNDARIO -- NOMBRE CORPORATIVO | |
| Nombre corporativo o de jurisdicción | Usborne Publishing |
| 910 ## - VALIDACIÓN | |
| Validación | VMateo V. Control de calidad. BPMSU |
| 942 ## - ADDED ENTRY ELEMENTS (KOHA) | |
| Source of classification or shelving scheme | Dewey Decimal Classification |
| Koha item type | Libros |
| Withdrawn status | Lost status | Source of classification or shelving scheme | Damaged status | Not for loan | Collection code | Home library | Current library | Date acquired | Total Checkouts | Full call number | Barcode | Date last seen | Price effective from | Koha item type |
|---|---|---|---|---|---|---|---|---|---|---|---|---|---|---|
| Dewey Decimal Classification | Colección Infantil General | Biblioteca Pública Metropolitana Salomé Ureña | Biblioteca Pública Metropolitana Salomé Ureña | 01/28/2025 | BPMSU CGI 372.4 V573f 2000 | BPMSU25010025 | 01/28/2025 | 01/28/2025 | Libros |